| 000 | 00458nam a2200157Ia 4500 | ||
|---|---|---|---|
| 008 | 210716s2003 xx 000 0 und d | ||
| 020 | _a8120324242 | ||
| 041 | _aeng | ||
| 082 | _a005.2764 DUTG | ||
| 100 | _aDuthie, G Andrew. | ||
| 245 |
_aMicrosoft asp .net programming with microsoft visual basic .net : step by step. _bStep by step. |
||
| 250 | _a1 | ||
| 260 |
_aNew Delhi _bPrentice Hall of India PVt Ltd _c2003 |
||
| 300 | _axvi,600 | ||
| 650 | _aASP | ||
| 999 |
_c187033 _d187033 |
||